000
00369nam a22001457a 4500
003
macl
005
20230324131157.0
008
230324b |||||||| |||| 00| 0 eng d
040
_c
macl
082
_a
891.433/KHA/N
100
_a
उषाकिरण खान
_9
71776
245
_a
कथा रजोखर
650
_a
उपन्यास
942
_2
ddc
_c
HIN
999
_c
66030
_d
66030